| 000 | 00958nam a2200277 a 4500 | ||
|---|---|---|---|
| 001 | |||
| 003 | DO-SdBNP | ||
| 005 | 20220114110304.0 | ||
| 007 | 000038506 | ||
| 008 | 130412s2012 dr ad 000 0 spa d | ||
| 040 |
_aBPMSU _bspa _cBPMSU |
||
| 082 |
_a323.7293 _bP438c _222 |
||
| 100 | 1 | _aSánchez Pérez, Manuel de Jesús | |
| 245 | 1 | 0 |
_aConstitución dominicana dignidad humana : _bsu impacto en los derechos fundamentales / _cManuel de Jesús Pérez Sánchez. |
| 260 |
_aSanto Domingo : _bInstituto de capacitación Legal, _c2012. |
||
| 300 |
_a159 p. : _bil., gráfs. ; _c23 cm. |
||
| 500 | _aIncluye referencias bibliográficas y notas al pie de las páginas | ||
| 590 | _6Inventariado, 2022/VM | ||
| 650 | 4 | _aGarantías constitucionales | |
| 650 | 4 | _aDerechos civiles | |
| 650 | 4 |
_aDerechos humanos _xLegislación |
|
| 910 | _aVMateo V | ||
| 942 |
_2ddc _cBK |
||
| 945 | _aInvetariado / 2017 VM | ||
| 956 |
_aVMATEO _b10 _c20150814 _lBPMSU _h00151 |
||
| 999 |
_c8205 _d8205 |
||